Wings Discography - Statistics

General Stats
  • This quiz has been taken 11 times
  • The average score is 55 of 102
Answer Stats
Year Album Song % Correct
1973 Band on the Run Band on the Run
100%
1973 Band on the Run Jet
91%
1976 Wings at the Speed of Sound Let 'Em In
91%
1973 Band on the Run Let Me Roll It
91%
1975 Venus and Mars Letting Go
91%
1978 London Town London Town
91%
1973 Band on the Run Mamunia
91%
1975 Venus and Mars Medicine Jar
91%
1973 Band on the Run Nineteen Hundred and Eighty-Five
91%
1976 Wings at the Speed of Sound Silly Love Songs
91%
1975 Venus and Mars Venus and Mars
91%
1975 Venus and Mars Venus and Mars (Reprise)
91%
1971 Wild Life Wild Life
91%
1971 Wild Life Bip Bop
82%
1971 Wild Life Bip Bop (Link)
82%
1971 Wild Life Dear Friend
82%
1975 Venus and Mars Listen to What the Man Said
82%
1971 Wild Life Mumbo
82%
1971 Wild Life Mumbo (Link)
82%
1973 Band on the Run No Words
82%
1973 Band on the Run Picasso's Last Words (Drink to Me)
82%
1975 Venus and Mars Rock Show
82%
1973 Red Rose Speedway Big Barn Bed
73%
1973 Band on the Run Bluebird
73%
1975 Venus and Mars Call Me Back Again
73%
1975 Venus and Mars Magneto and Titanium Man
73%
1973 Band on the Run Mrs. Vandebilt
73%
1973 Red Rose Speedway My Love
73%
1975 Venus and Mars Spirits of Ancient Egypt
73%
1971 Wild Life Tomorrow
73%
1975 Venus and Mars You Gave Me the Answer
73%
1979 Back to the Egg Arrow Through Me
64%
1976 Wings at the Speed of Sound Beware My Love
64%
1978 London Town Children Children
64%
1976 Wings at the Speed of Sound Cook of the House
64%
1974 Singles Junior's Farm
64%
1973 Singles Live and Let Die
64%
1973 Red Rose Speedway Loup (1st Indian on the Moon)
64%
1975 Venus and Mars Love in Song
64%
1973 Red Rose Speedway Medley
64%
1977 Singles Mull of Kintyre
64%
1976 Wings at the Speed of Sound Wino Junko
64%
1978 London Town Cafe on the Left Bank
55%
1978 London Town Deliver Your Children
55%
1973 Red Rose Speedway Get On the Right Thing
55%
1979 Back to the Egg Getting Closer
55%
1972 Singles Give Ireland Back to the Irish
55%
1973 Red Rose Speedway Little Lamb Dragonfly
55%
1971 Wild Life Love Is Strange
55%
1979 Back to the Egg Old Siam, Sir
55%
1979 Back to the Egg Reception
55%
1979 Back to the Egg Rockestra Theme
55%
1974 Singles Sally G
55%
1976 Wings at the Speed of Sound She's My Baby
55%
1973 Red Rose Speedway Single Pigeon
55%
1976 Wings at the Speed of Sound The Note You Never Wrote
55%
1978 London Town With a Little Luck
55%
1979 Back to the Egg Again and Again and Again
45%
1975 Venus and Mars Crossroads
45%
1978 London Town Cuff Link
45%
1978 London Town Famous Groupies
45%
1978 London Town Girlfriend
45%
1972 Singles Hi, Hi, Hi
45%
1971 Wild Life I Am Your Singer
45%
1978 London Town I'm Carrying
45%
1972 Singles Mary Had a Little Lamb
45%
1973 Red Rose Speedway One More Kiss
45%
1977 Singles Soily
45%
1971 Wild Life Some People Never Know
45%
1975 Venus and Mars Treat Her Gently - Lonely Old People
45%
1976 Wings at the Speed of Sound Warm and Beautiful
45%
1979 Back to the Egg Baby's Request
36%
1972 Singles C Moon
36%
1979 Singles Daytime Nighttime Suffering
36%
1977 Singles Girls' School
36%
1973 Singles Helen Wheels
36%
1978 London Town I've Had Enough
36%
1978 London Town Morse Moose and the Grey Goose
36%
1976 Wings at the Speed of Sound Must Do Something About It
36%
1976 Wings at the Speed of Sound San Ferry Anne
36%
1976 Wings at the Speed of Sound Time to Hide
36%
1979 Back to the Egg Winter Rose / Love Awake
36%
1978 London Town Don't Let It Bring You Down
27%
1979 Singles Goodnight Tonight
27%
1977 Singles Seaside Woman
27%
1979 Back to the Egg So Glad to See You Here
27%
1979 Back to the Egg Spin It On
27%
1979 Back to the Egg The Broadcast
27%
1979 Back to the Egg To You
27%
1979 Back to the Egg We're Open Tonight
27%
1973 Red Rose Speedway When the Night
27%
1974 Singles Zoo Gang
27%
1979 Back to the Egg After the Ball / Million Miles
18%
1978 London Town Backwards Traveller
18%
1973 Singles Country Dreamer
18%
1972 Singles Little Woman Love
18%
1978 London Town Name and Address
18%
1974 Singles Walking in the Park with Eloise
18%
1977 Singles B Side to Seaside
9%
1973 Singles I Lie Around
9%
1973 Singles The Mess
9%
1974 Singles Bridge on the River Suite
0%
No matching quizzes found
Score Distribution
Percent of People with Each Score
Percentile by Number Answered
Your Score History
You have not taken this quiz